000 01129nam a22003137a 4500
001 2487245
003 OSt
005 20210426125055.0
008 910603s1991 nyuab b 001 0 eng
010 _a 91023731
020 _a0671674609 :
_c$35.00
040 _aDLC
_cDLC
_dDLC
043 _ae-fr---
050 0 0 _aTP553
_b.P36 1991
080 _a663.2
_bP-26
082 0 0 _a641.2/2/094471
_220
100 1 _aParker, Robert M.,
_d1991
245 1 0 _aBordeaux :
_ba comprehensive guide to the wines produced from 1961-1990 /
_cRobert M. Parker, Jr. ; drawings by Christopher Wormell ; maps by Jeanyee Wong.
260 _aNew York :
_bSimon & Schuster,
_cc1991.
300 _a1026 p. :
_bcol. ill., col. maps ;
_c24 cm.
365 _c35.00 USD
500 _aIncludes index.
650 0 _aWine and wine making
_zFrance
_zBordeaux Region (Aquitaine)
653 _aმეღვინეობა
700 _9736
_awong,jeanyee
906 _a7
_bcbc
_corignew
_d1
_eocip
_f19
_gy-gencatlg
942 _2udc
_cBK
999 _c1071
_d1071